The concise oxford dictionary of linguistics

Đã lưu trong:
Chi tiết về thư mục
Tác giả chính: MATTHEWS, Peter H.
Định dạng: Sách
Ngôn ngữ:Tiếng Anh
Được phát hành: Oxford University Press 2007
Các nhãn: Thêm thẻ
Không có thẻ, Là người đầu tiên thẻ bản ghi này!

MARC

LEADER 00000nam a22000007a 4500
008 201216b ||||| |||| 00| 0 eng d
020 |a 978-0-19-920272-0 
100 |a MATTHEWS, Peter H. 
245 |a The concise oxford dictionary of linguistics  |c Peter H. Matthews  |g x, 443p. 
250 |b 2nd ed. 
260 |b Oxford University Press  |c 2007  |h Oxford  |i 691090   |i  691091  |l P29 .M42  |m Linguistics – Dictionaries 
942 |a lcc  |c BK  |e Kuteyi, M. A.  |f 15/12/2020 
952 |0 0  |1 0  |2 lcc  |4 0  |6 P0029 M42  |7 0  |9 583  |a HOL  |b ART  |c LP  |d 2020-12-16  |l 0  |o P29 .M42  |p 2020-22902  |r 2020-12-16 00:00:00  |w 2020-12-16  |y BK 
952 |0 0  |1 0  |2 lcc  |4 0  |6 P0029 M42  |7 0  |9 584  |a HOL  |b HOL  |c LP  |d 2020-12-16  |l 0  |o P29 .M42  |p 2020-22903  |r 2020-12-16 00:00:00  |w 2020-12-16  |y BK 
999 |c 324  |d 324